000 00294nam a2200121Ia 4500
008 190216s9999||||xx |||||||||||||| ||und||
100 _a"Iqbal S A ,mido Y"
245 0 _aPhysical Chemistry
260 _b"Discovery Publishing House, Delhi"
300 _a358
650 _aChemistry
942 _cBK
999 _c3266
_d3266